| 000 | 00570nam a2200181 a 4500 | ||
|---|---|---|---|
| 001 | 000009973 | ||
| 005 | 20240412074214.0 | ||
| 008 | 091002s1978 dr a r 001 0 spa d | ||
| 040 |
_aDO-SdBNP _bspa _cBNPHU |
||
| 082 |
_aRD861.44 _bC965o |
||
| 100 | 1 |
_aCuevas, Juan Pablo _924920 |
|
| 245 | 1 | 0 |
_aOvertime : _bpoemas de verano entre fatigas / _cJuan Pablo Cuevas. |
| 260 |
_aSanto Domingo : _bCaribe, _c1978. |
||
| 300 |
_a75 p. : _bil. ; _c21 cm. |
||
| 650 | 0 |
_aCuentos dominicanos _9176 |
|
| 650 | 0 |
_aLiteratura dominicana. _967 |
|
| 910 | _aValidado. Control de calidad. MFF | ||
| 999 |
_c9732 _d9732 |
||